| 000 | 00826cam a2200241 a 4500 | ||
|---|---|---|---|
| 001 | 000004933 | ||
| 005 | 20200929151535.0 | ||
| 008 | 010505s2000 ve b 001 p spa | ||
| 020 | _a9800111476 | ||
| 040 |
_aDO-SdBNP _cDLC |
||
| 082 |
_aV861.42 _bL789p |
||
| 100 | 1 |
_aLizardo, Pedro Francisco, _d1920- _914254 |
|
| 245 | 1 | 0 |
_aPoesía esencial : _bantología poética / _cPedro Francisco Lizardo ; prólogo, Efraín Subero. |
| 260 |
_aCaracas, Venezuela : _bMonte Ávila, _bLatinoamericana, _c2000. |
||
| 300 |
_axiii, 237 p. ; _c20 cm. |
||
| 490 | 1 | _aAltazor | |
| 504 | _aIncluye referencias bibliográficas: (p. 231-237). | ||
| 650 | 4 |
_aPoesía venezolana _94230 |
|
| 650 | 4 |
_aLiteratura venezolana _93816 |
|
| 700 | 1 |
_aSubero, Efraín, _epról. _99019 |
|
| 830 | 0 |
_aAltazor _98724 |
|
| 910 | _aCatalogación por copia / LC | ||
| 999 |
_c4739 _d4739 |
||